[Event "SVK-ch U12"]
[Site "Stara Lubovna"]
[Date "2022.05.25"]
[Round "6"]
[White "Kriska, Alexander"]
[Black "Stavac, Teodor"]
[Result "1-0"]
[WhiteElo "1046"]
[BlackElo "1000"]
[PlyCount "28"]
[EventDate "2022.05.21"]
[EventType "swiss"]
[EventRounds "9"]
[EventCountry "SVK"]
[SourceTitle "CBM 208 Extra"]
[Source "ChessBase"]
[SourceDate "2022.07.31"]
[SourceVersion "1"]
[SourceVersionDate "2022.07.31"]
[SourceQuality "1"]

1. d4 d5 2. Bf4 Nc6 3. Nf3 Bg4 4. e3 e6 5. Be2 Bd6 6. Bg3 Nf6 7. Nbd2 0-0 8. c3 Re8 9. Bd3 e5 10. dxe5 Bxe5 11. Bxe5 Nxe5 12. Be2 Rc8 13. h3 Bxf3 14. Nxf3 c5 1-0

[Event "SVK-ch U12"]
[Site "Stara Lubovna"]
[Date "2022.05.23"]
[Round "4"]
[White "Diachenko, Mykhailo"]
[Black "Kriska, Alexander"]
[Result "1-0"]
[WhiteElo "1000"]
[BlackElo "1046"]
[PlyCount "73"]
[EventDate "2022.05.21"]
[EventType "swiss"]
[EventRounds "9"]
[EventCountry "SVK"]
[SourceTitle "CBM 208 Extra"]
[Source "ChessBase"]
[SourceDate "2022.07.31"]
[SourceVersion "1"]
[SourceVersionDate "2022.07.31"]
[SourceQuality "1"]

1. g3 e5 2. Bg2 Nf6 3. e4 Nc6 4. Nc3 Bb4 5. Nge2 d6 6. 0-0 Be6 7. Re1 Bg4 8. a3 Bxc3 9. dxc3 0-0 10. Bg5 Re8 11. b4 b5 12. a4 Rb8 13. Bxf6 Qxf6 14. Qd5 Bd7 15. axb5 Ne7 16. Qb3 Rb7 17. Nd4 Ra8 18. c4 Ng6 19. Qf3 Qxf3 20. Bxf3 Nf8 21. c5 h6 22. c6 Rb6 23. cxd7 exd4 24. e5 Rab8 25. Bc6 Rd8 26. exd6 Nxd7 27. dxc7 Rc8 28. Rxa7 Nf6 29. Ra8 Rxa8 30. Bxa8 Rxb5 31. c8Q+ Kh7 32. Be4+ g6 33. Qc4 Rb8 34. Qxf7+ Kh8 35. Qxf6+ Kg8 36. Bd5+ Kh7 37. Re7# 1-0

[Event "SVK-ch U12"]
[Site "Stara Lubovna"]
[Date "2022.05.21"]
[Round "1"]
[White "Kriska, Alexander"]
[Black "Ropovik, Samuel"]
[Result "0-1"]
[WhiteElo "1046"]
[BlackElo "1453"]
[PlyCount "84"]
[EventDate "2022.05.21"]
[EventType "swiss"]
[EventRounds "9"]
[EventCountry "SVK"]
[SourceTitle "CBM 208 Extra"]
[Source "ChessBase"]
[SourceDate "2022.07.31"]
[SourceVersion "1"]
[SourceVersionDate "2022.07.31"]
[SourceQuality "1"]

1. e4 c5 2. Nc3 Nc6 3. Nf3 d6 4. Bc4 Nf6 5. d3 g6 6. d4 cxd4 7. Nxd4 Nxd4 8. Qxd4 Bg7 9. 0-0 0-0 10. Be3 Ng4 11. Qd2 Nxe3 12. Qxe3 Bd7 13. Rfd1 Rc8 14. Bd5 Bxc3 15. bxc3 b6 16. Rd3 Kg7 17. Bb7 Rc5 18. Rd5 Qc7 19. Rxc5 Qxc5 20. Qd4+ Kg8 21. Qxc5 bxc5 22. Ba6 Rb8 23. h3 Rb2 24. Bd3 Ba4 25. Kf1 Bxc2 26. Bxc2 Rxc2 27. Ke1 Kg7 28. g4 Kf6 29. Rd1 Rxa2 30. Rd2 Rxd2 31. Kxd2 a5 32. Kc2 Ke5 33. f3 Kf4 34. Kb3 Kxf3 35. g5 Kxe4 36. Ka4 d5 37. c4 d4 38. h4 d3 39. h5 d2 40. h6 d1Q+ 41. Ka3 Qb1 42. Ka4 Qb4# 0-1

[Event "SVK-ch U10"]
[Site "Lubovna"]
[Date "2020.08.20"]
[Round "7"]
[White "Serdel, Patrik"]
[Black "Kriska, Alexander"]
[Result "0-1"]
[WhiteElo "1000"]
[BlackElo "1057"]
[PlyCount "92"]
[EventDate "2020.08.15"]
[EventType "swiss"]
[EventRounds "9"]
[EventCountry "SVK"]
[SourceTitle "EXT 2021"]
[Source "ChessBase"]
[SourceDate "2020.10.23"]
[SourceVersion "1"]
[SourceVersionDate "2020.10.23"]
[SourceQuality "1"]

1. e3 e5 2. Nf3 Nc6 3. d4 exd4 4. Nxd4 Nxd4 5. exd4 Qe7+ 6. Be2 Nf6 7. Bg5 h6 8. Bf4 Qe4 9. Bxc7 Qxg2 10. Kd2 Qxf2 11. Qf1 Qxd4+ 12. Ke1 Qxb2 13. Be5 Qxe5 14. c3 Bb4 15. Qf3 0-0 16. Nd2 Bxc3 17. Rc1 Bxd2+ 18. Kxd2 Qg5+ 19. Kd1 Rb8 20. Rg1 Qd5+ 21. Ke1 Qxf3 22. Bxf3 Re8+ 23. Be2 Nh5 24. Rc5 Nf4 25. Rc2 Nxe2 26. Rxe2 Rxe2+ 27. Kxe2 b5 28. Rc1 d6 29. Rc6 Be6 30. Rxd6 Bxa2 31. Kd3 b4 32. Kc2 b3+ 33. Kc3 b2 34. Kd4 b1Q 35. Ke5 Re8+ 36. Kd4 Qd1+ 37. Kc5 Qxd6+ 38. Kxd6 a5 39. Kc5 a4 40. Kb4 a3 41. Kxa3 Rb8 42. Kxa2 Kf8 43. Ka3 Ke7 44. Ka4 Kd6 45. Ka5 Kc6 46. Ka6 Ra8# 0-1

[Event "SVK-ch U08"]
[Site "Liptovsky Mikulas"]
[Date "2019.04.27"]
[Round "6"]
[White "Kulich, Filip"]
[Black "Kriska, Alexander"]
[Result "1-0"]
[WhiteElo "1018"]
[BlackElo "1000"]
[PlyCount "77"]
[EventDate "2019.04.23"]
[EventType "tourn"]
[EventRounds "9"]
[EventCountry "SVK"]
[SourceTitle "CBM 190 Extra"]
[Source "ChessBase"]
[SourceDate "2019.07.15"]
[SourceVersion "1"]
[SourceVersionDate "2019.07.15"]
[SourceQuality "1"]

1. e4 d5 2. Nc3 Nf6 3. exd5 Nxd5 4. Nxd5 Qxd5 5. Nf3 Bg4 6. Be2 Nc6 7. 0-0 0-0-0 8. h3 Bh5 9. a4 a6 10. d3 e6 11. Bf4 Bd6 12. Bxd6 Rxd6 13. Rb1 Qa2 14. b3 Qa3 15. Nd2 Bxe2 16. Qxe2 Qc5 17. Ne4 Qd5 18. Nxd6+ Qxd6 19. c4 Qe7 20. Qg4 g6 21. d4 Rd8 22. Rfd1 Qf6 23. d5 Ne5 24. Qd4 Kb8 25. f4 Nf3+ 26. gxf3 Qh8 27. Qxh8 Rxh8 28. dxe6 fxe6 29. Re1 Rf8 30. Rxe6 Rxf4 31. Kg2 Kc8 32. Rd1 c6 33. c5 a5 34. Red6 Kc7 35. Rd7+ Kb8 36. Rxh7 Rf8 37. Rdd7 Kc8 38. Rxb7 Kd8 39. Rb8# 1-0

[Event "SVK-ch U08"]
[Site "Liptovsky Mikulas"]
[Date "2019.04.26"]
[Round "5"]
[White "Kriska, Alexander"]
[Black "Meszaros, Casey Ryan"]
[Result "1/2-1/2"]
[WhiteElo "1000"]
[BlackElo "1219"]
[PlyCount "40"]
[EventDate "2019.04.23"]
[EventType "tourn"]
[EventRounds "9"]
[EventCountry "SVK"]
[SourceTitle "CBM 190 Extra"]
[Source "ChessBase"]
[SourceDate "2019.07.15"]
[SourceVersion "1"]
[SourceVersionDate "2019.07.15"]
[SourceQuality "1"]

1. e4 e5 2. Nf3 Nc6 3. Bc4 Bc5 4. c3 Nf6 5. d3 d6 6. h3 h6 7. g4 g5 8. Nbd2 Qe7 9. Nf1 Be6 10. Ng3 0-0-0 11. Bb5 Qd7 12. Qe2 a6 13. Ba4 Qe8 14. Be3 Bxe3 15. Qxe3 Kb8 16. 0-0-0 b5 17. Bc2 d5 18. exd5 Bxd5 19. Rhe1 Bxf3 20. Qxf3 Qe6 1/2-1/2

[Event "SVK-ch U08"]
[Site "Liptovsky Mikulas"]
[Date "2018.04.22"]
[Round "2"]
[White "Kriska, Alexander"]
[Black "Szczygel, Viktor"]
[Result "0-1"]
[WhiteElo "1000"]
[BlackElo "1000"]
[PlyCount "44"]
[EventDate "2018.04.21"]
[EventType "swiss"]
[EventRounds "9"]
[EventCountry "SVK"]
[SourceTitle "CBM 184 Extra"]
[Source "ChessBase"]
[SourceDate "2018.06.28"]
[SourceVersion "1"]
[SourceVersionDate "2018.06.28"]
[SourceQuality "1"]

1. e4 e5 2. Nf3 Nc6 3. Bb5 Nf6 4. 0-0 Bc5 5. Nc3 0-0 6. Bxc6 dxc6 7. a3 Bd6 8. Re1 Re8 9. h3 Nh5 10. g4 Nf4 11. Rf1 h6 12. Kh2 Qf6 13. b4 Be7 14. Ne2 Bd6 15. Bb2 Qf5 16. Nxf4 Qxf4+ 17. Kg1 Re6 18. Qe2 Rg6 19. d3 Bxg4 20. hxg4 Rxg4+ 21. Kh1 Rh4+ 22. Kg1 Qg4# 0-1